Statistics for Biggest U.S. Cities by Letter - Q

Click here to take the quiz!

General Stats

  • This quiz has been taken 1,521 times
    (471 since last reset)
  • The average score is 6 of 18

Answer Stats

State Population City % Correct
Massachusetts94,580Quincy
98%
Pennsylvania8,814Quakertown
20%
Arizona42,503Queen Creek
12%
Georgia3,703Quitman
12%
Texas1,453Queen City
12%
Arizona3,766Quartzsite
9%
Texas2,482Quanah
7%
Texas1,526Quinlan
7%
Pennsylvania2,751Quarryville
5%
New Mexico1,755Questa
3%
Texas1,021Quinter
2%
New York1,010Quogue
2%

Score Distribution

Percentile by Number Answered

Percent of People with Each Score

Your Score History

You have not taken this quiz since the last reset